| 000 | 01083cam a2200301 i 4500 | ||
|---|---|---|---|
| 001 | 12985 | ||
| 003 | Mx-PuUPA | ||
| 005 | 20220221150051.0 | ||
| 008 | 140415s1984 sp a fr 000 0 spa d | ||
| 020 | _a8432955021 | ||
| 040 |
_aMx-PuUPA _bspa _cMx-PuUPA _dMx-PuUPA _erda |
||
| 041 | 0 | _aspa | |
| 245 | 0 | 0 |
_aHistoria de los estilos / _cautores y asesores, Fernando Álvarez Vidorreta, Joaquín Cadena Portal [y otros cinco] |
| 246 | 1 | 3 |
_aBiblioteca básica de decoración : _bhistoria de los estilos. |
| 250 |
_aSexta edición / _bnoviembre |
||
| 264 | 1 |
_aBarcelona, España : _bEdiciones CEAC, _c1984 |
|
| 300 |
_a605 páginas : _bilustraciones ; _c26 cm |
||
| 336 |
_2rdacontent _atexto _btxt |
||
| 337 |
_2rdamedia _asin medio _bn |
||
| 338 |
_2rdacarrier _avolumen _bnc |
||
| 490 | 0 | _aBiblioteca básica de decoración | |
| 650 | 4 |
_aArte _xHistoria _xBellas artes _2armarc |
|
| 700 | 1 |
_aÁlvarez Vidorreta, Fernando, _eautor |
|
| 700 | 1 |
_aCadena Portal, Fernando, _eautor |
|
| 942 |
_2ddc _cLI _h709 _iH6735 |
||
| 999 |
_c12985 _d12985 |
||